|
|
|
|
| LEADER |
00000nam0a2200000 4500 |
| 001 |
142989 |
| 005 |
20231101221010.0 |
| 035 |
|
|
|a (RuTPU)RU\TPU\book\154950
|
| 090 |
|
|
|a 142989
|
| 100 |
|
|
|a 20080915d1976 d y0rusy50 ca
|
| 101 |
0 |
|
|a rus
|
| 102 |
|
|
|a RU
|
| 105 |
|
|
|a a z 000ay
|
| 200 |
1 |
|
|a Великое противостояние
|e повесть
|e для среднего возраста
|f Л. А. Кассиль
|g худож. А. Ермолаев
|
| 205 |
|
|
|a Переизд.
|
| 210 |
|
|
|a Москва
|c Детская литература
|d 1976
|
| 215 |
|
|
|a 400 с.
|c ил.
|
| 225 |
1 |
|
|a Золотая библиотека
|
| 225 |
1 |
|
|a Библиотечная серия
|
| 610 |
1 |
|
|a советская литература
|
| 610 |
1 |
|
|a повести
|
| 610 |
1 |
|
|a Великая Отечественная война 1941-1945
|
| 610 |
1 |
|
|a школьники
|
| 675 |
|
|
|a Р2
|v 3
|
| 700 |
|
1 |
|a Кассиль
|b Л. А.
|c детский писатель
|c член-корреспондент АПН СССР
|f 1905-1970
|g Лев Абрамович
|2 stltpush
|3 (RuTPU)RU\TPU\pers\21662
|9 9125
|
| 702 |
|
1 |
|a Ермолаев
|b А.
|4 440
|
| 801 |
|
1 |
|a RU
|b 63413507
|c 20080915
|g PSBO
|
| 801 |
|
2 |
|a RU
|b 63413507
|c 20210928
|g RCR
|
| 942 |
|
|
|c BK
|